9th Laser Display and Lighting Conference

Bibliographic Details
Other Authors: Kuroda, Kazuo
Format: Electronic Book
Language:English
Published: SPIE Digital Library, 1/1/20
Subjects:
Online Access:Full text available on Research4Life (SPIE Digital Library)
Classic Catalogue: View this record in Classic Catalogue
LEADER 00896cam a2200193 a 4500
001 AALConferenceProceedingsResearch4Life(SPIE)003708
008 240908c9999 xx r poo 0 0eng d
020 |a 9781510638471 
020 |a 9781510638488 
040 |a BD-DhAAL  |c BD-DhAAL 
245 0 0 |h [electronic resource]  |a 9th Laser Display and Lighting Conference 
260 1 |b SPIE Digital Library,  |c 1/1/20 
300 |a 1 online resource 
500 |a <strong>On-Campus Access Only (IP based access)</strong> 
506 |a Electronic access restricted to authorized BRAC University faculty, staff and students 
538 |a Mode of access: Internet 
655 7 |a Conference papers and proceedings.  |2 Library of Congress 
700 1 |a Kuroda, Kazuo 
856 4 0 |z Full text available on Research4Life (SPIE Digital Library)  |u https://login.research4life.org/tacsgr1www_spiedigitallibrary_org/conference-proceedings-of-spie/11520